| 000 | 00401nam a22001457a 4500 | ||
|---|---|---|---|
| 020 | _a582480388 | ||
| 082 |
_a330.01 _bSTO |
||
| 100 |
_aStonier, Alfered W. _937871 |
||
| 245 |
_aA text book of economic theory _cAlfred W. Stonier |
||
| 250 | _a3rd ed. | ||
| 260 |
_aLondon _bLongmans, Green and co Ltd _c1964 |
||
| 300 | _ax, 574 p.: | ||
| 526 |
_a0 _b0 _c0 _d330_010000000000000_STO |
||
| 942 |
_2ddc _cBK |
||
| 999 |
_c542622 _d542622 |
||